| 000 | 00483nam a2200169Ia 4500 | ||
|---|---|---|---|
| 001 | 21648 | ||
| 003 | IN-NITTTR | ||
| 005 | 20251114233246.0 | ||
| 008 | 251113s9999||||xx |||||||||||||| ||eng|| | ||
| 040 | _beng | ||
| 040 | _cIN-NITTTR | ||
| 041 | _aeng | ||
| 082 | _a491.4331 A48 | ||
| 245 | 0 |
_aAngrezi-Hindi muhawara-lokokti kosh = A dictionary of English-Hindi idioms, proverbs and proverbial sayings / _cTiwari, Bhola Nath, ed. |
|
| 700 | _aTiwari, Bhola Nath | ||
| 942 |
_2ddc _cBK |
||
| 999 |
_c24278 _d24278 |
||